000 01191nam a22002777a 4500
003 dpl
005 20180906123327.0
008 180906b xxu||||| |||| 00| 0 eng d
010 _aB-048479
020 _c150.00
035 _aB-048479, B-048489
037 _bCen Lib/Ret
040 _aDPL
_bHN
_c0
082 _a
_bसिन्हाअ
100 _aसिन्हा, अनिल कुमार
_95593
245 _aदोपहर की धूप /
_cअनिल कुमार सिन्हा
246 _aDopahar ki dhoop /
_bby Anil Kumar Sinha
260 _aनई दिल्ली
_bसामयिक प्रकाशन
_c2001
270 _a3320-21 जटवाडा, नेताजी सुभाष मार्ग, दरियागंज
_bनई दिल्ली
_e110002
300 _a176पृ.
_c21सेमी (सजिल्द )
650 _aहिंदी साहित्य
_x
_z
_9111613
650 _aहिंदी साहित्य--कहानियां
_v
_9111614
650 _aHindi literature
_9111615
650 _aHindi literature--Stories
_9111616
942 _2ddc
_cHN
_h
_mसिन्हाअ
999 _c114104
_d114104